| 000 | 00860nac a22002651u 4500 | ||
|---|---|---|---|
| 999 |
_c307 _d307 |
||
| 003 | EG-ScBUE | ||
| 005 | 20191211131026.0 | ||
| 008 | 191211r19981993le f 000 d eng d | ||
| 040 |
_aEG-ScBUE _beng _erda _cEG-ScBUE _dEG-ScBUE |
||
| 082 | 0 | 4 |
_a822.33 _bSHA _222 |
| 100 | 1 |
_aShakespeare, William, _d1564-1616, _eauthor. |
|
| 245 | 1 | 0 |
_aOthello / _cWilliam Shakespeare. |
| 250 | _aReprint edition. | ||
| 264 | 1 |
_aBeirut : _bYork Press, _c1998. |
|
| 300 |
_axxxii, 255 pages ; _c20 cm. |
||
| 336 |
_2rdacontent _atext _btxt |
||
| 337 |
_2rdamedia _aunmediated _bn |
||
| 338 |
_2rdacarrier _avolume _bnc |
||
| 490 | 0 | _aYork classics | |
| 600 | 0 | 7 |
_aOthello _c(Fictitious character from Shakespeare) _vDrama. _2BUEsh |
| 650 | 7 |
_aInterracial marriage _vDrama. _2BUEsh _924040 |
|
| 653 |
_bHHUUEENN _cDecember2019 |
||
| 655 | _vReading book | ||
| 942 |
_cBB _k823S5272 _2ddc |
||